Mass selection of first generation sweet corn at royal university of agriculture experiment station in wet season 2003 ការជំរើសពូជផ្អែមមេបាជំនាន់ ១​ នៅស្ថានីយ៍ពិសោធន៍សាកលវិទ្យាល័យភូមិន្ទកសិកម្មនារដូវវស្សាឆ្នាំ ២០០៣ (Record no. 676)

000 -LEADER
fixed length control field 00759nam a22001577a 4500
003 - CONTROL NUMBER IDENTIFIER
control field OSt
005 - DATE AND TIME OF LATEST TRANSACTION
control field 20150917162219.0
008 - FIXED-LENGTH DATA ELEMENTS--GENERAL INFORMATION
fixed length control field 150917b xxu||||| |||| 00| 0 eng d
040 ## - CATALOGING SOURCE
Transcribing agency RUA
082 ## - DEWEY DECIMAL CLASSIFICATION NUMBER
Classification number AGR HEN 2004 B031 Or.1
100 ## - MAIN ENTRY--PERSONAL NAME
9 (RLIN) 701
Personal name HENG, SIVANTHA.
245 ## - TITLE STATEMENT
Title Mass selection of first generation sweet corn at royal university of agriculture experiment station in wet season 2003 ការជំរើសពូជផ្អែមមេបាជំនាន់ ១​ នៅស្ថានីយ៍ពិសោធន៍សាកលវិទ្យាល័យភូមិន្ទកសិកម្មនារដូវវស្សាឆ្នាំ ២០០៣
260 ## - PUBLICATION, DISTRIBUTION, ETC. (IMPRINT)
Place of publication, distribution, etc. Phnom Penh
Name of publisher, distributor, etc. RUA
Date of publication, distribution, etc. 2004
300 ## - PHYSICAL DESCRIPTION
Extent 52p.
Other physical details ill.
Dimensions 29cm.
942 ## - ADDED ENTRY ELEMENTS (KOHA)
Source of classification or shelving scheme
Koha item type AGR
Holdings
Price effective from Date last seen Permanent Location Not for loan Date acquired Source of classification or shelving scheme Koha item type Barcode Lost status Damaged status Shelving location Withdrawn status Current Location Full call number
2015-09-172015-09-17Library Block B 2015-09-17 AGRRUA008587  B031 Library Block BAGR HEN 2004 B031 Or.1
មជ្ឈមណ្ឌលឯការនៃសាកលវិទ្យាល័យភូមិន្ទកសិកម្មចំការដូង

Powered by Koha